Die erfolgreichsten Kinofilme weltweit nach Einspielergebnis - Statistiken

Allgemein
  • Dieses Quiz wurde 430 mal gespielt
    226 seit der letzten Aktualisierung
  • Das Durchschnittsergebnis liegt bei 12 aus 15
Antwortstatistiken
Jahr Genre / Schlagwort Einspielergebnis Antwort % Korrekt
2021 Superhelden - Spinne 1,9 Milliarden US Dollar Spider-Man: No Way Home
95%
1997 Ein berühmtes Schiff 2,2 Milliarden US Dollar Titanic
95%
2009 Pandora 2,9 Milliarden US Dollar Avatar
94%
2015 Die Macht erwacht 2,06 Milliarden US Dollar Star Wars Episode 7
89%
2019 Superhelden - Das Endspiel 2,8 Milliarden US Dollar Avengers: Endgame
87%
2012 Die Helden sammeln sich zum 1. mal 1,518 Milliarden US Dollar The Avengers
86%
2022 Rückkehr nach Pandora 2,3 Milliarden US Dollar Avatar: The Way of Water
85%
2019 Disneys frostige Prinzessin kehrt zurück 1,45 Milliarden US Dollar Die Eiskönigin 2
85%
2015 Ein Haufen Dinosaurier 1,67 Milliarden US Dollar Jurassic World
80%
2022 Der lang erwartete 2. Teil eines berühmten Kampfpiloten 1,49 Milliarden US Dollar Top Gun: Maverick
77%
2015 Autorennen 1,515 Milliarden US Dollar Furious 7
73%
2018 Superhelden - Die Suche nach Steinen 2,04 Milliarden US Dollar Avengers: Infinity War
68%
2019 "Real"verfilmung eines Disney Klassikers 1,65 Milliarden US Dollar Der König der Löwen
57%
2015 Die Superhelden versammeln sich zum 2. Mal 1,40 Milliarden US Dollar Avengers: Age of Ultron
55%
2023 Ein Film über die berühmteste Puppe der Welt 1,44 Milliarden US Dollar Barbie
37%
Keine übereinstimmenden Quizze gefunden
Verteilung der Resultate
Anzahl Personen mit jedem Resultat
Perzentil nach korrekt beantworteten Fragen
Ihre Resultats-Entwicklung
Sie haben dieses Quiz seit der letzten Aktualisierung nicht gespielt